| 000 -LEADER |
| fixed length control field |
00926nam a22002417a 4500 |
| 005 - DATE AND TIME OF LATEST TRANSACTION |
| control field |
20241127162434.0 |
| 008 - FIXED-LENGTH DATA ELEMENTS--GENERAL INFORMATION |
| fixed length control field |
241127b ||||| |||| 00| 0 eng d |
| 020 ## - INTERNATIONAL STANDARD BOOK NUMBER |
| International Standard Book Number |
9781409567752 |
| 040 ## - CATALOGING SOURCE |
| Transcribing agency |
KH8 |
| 082 ## - DEWEY DECIMAL CLASSIFICATION NUMBER |
| Classification number |
940.1088 WHI |
| 100 ## - MAIN ENTRY--PERSONAL NAME |
| Personal name |
Whistleblade, Archibald |
| Relator term |
Author |
| 245 ## - TITLE STATEMENT |
| Title |
The Usborne official knight's handbook / |
| Statement of responsibility, etc. |
Archibald Whistleblade |
| 260 ## - PUBLICATION, DISTRIBUTION, ETC. |
| Place of publication, distribution, etc. |
London, |
| Name of publisher, distributor, etc. |
Usborne, |
| Date of publication, distribution, etc. |
2014 |
| 300 ## - PHYSICAL DESCRIPTION |
| Extent |
128 pages : |
| Other physical details |
illustrations (colour), |
| Dimensions |
20 cm |
| Accompanying material |
map (colour) ; |
| 500 ## - GENERAL NOTE |
| General note |
<br/>Juvenile works |
| 520 ## - SUMMARY, ETC. |
| Summary, etc. |
So you want to be a knight? This handbook cover severything you need to know including how to kit yourself out, how to treat women in a courtly manner and how to use your sword to take part in a joust |
| 521 ## - TARGET AUDIENCE NOTE |
| Target audience note |
Key Stage 2. |
| 650 ## - SUBJECT ADDED ENTRY--TOPICAL TERM |
| Topical term or geographic name entry element |
Juvenile works |
| 650 ## - SUBJECT ADDED ENTRY--TOPICAL TERM |
| Topical term or geographic name entry element |
Knights and knighthood |
| 650 ## - SUBJECT ADDED ENTRY--TOPICAL TERM |
| Topical term or geographic name entry element |
Juvenile literature |
| 700 ## - ADDED ENTRY--PERSONAL NAME |
| Personal name |
Silvermoon , Basil |
| Relator term |
Illustrator |
| 942 ## - ADDED ENTRY ELEMENTS (KOHA) |
| Source of classification or shelving scheme |
|
| Koha item type |
Books - Non Ficton |